000 01241cam a2200313 4500
008 020111n2002 000 0 eng u
020 _a0421758406
035 _a(Sirsi) u116250
050 _a346.410432
100 _aSara, C.
245 _aBoundaries and easements
250 _a3rd ed.
260 _aLondon
_bSweet and Maxwell
_c2002
300 _alxv,738p.
_c26cm.
350 _a155
520 _aNew edition of this reference work which has been updated and expanded to cover the changes brought about by the Party Wall, Etc Act 1996, the Countryside and Rights of Way Act 2000 and the Registered Land Act 2002. The text is divided into four sections dealing with boundaries, easements, remedies and precedents respectively. Includes references to case law, statutes and statutory instruments.
650 _aADVERSE POSSESSION
650 _aBoundary disputes
_96221
650 _aBoundary disputes
_96221
650 _aCOUNTRYSIDE AND RIGHTS OF WAY ACT 2000
650 _aEASEMENTS
650 _aLAND REGISTRATION
650 _aPARTY WALL ETC ACT 1996
650 _aPRECEDENTS
650 _aREGISTERED LAND ACT 2002
650 _aRIGHTS OF WAY
690 _aBOUNDARIES, PARTY WALLS AND EASEMENTS
942 _n0
999 _c101835
_d101835